[Event "Villa Ballester Verano op 60th"]
[Site "Villa Ballester"]
[Date "2010.01.24"]
[Round "4"]
[White "Papadopulos, Daniel"]
[Black "Antonel, Lucas Gonzalo"]
[Result "1/2-1/2"]
[WhiteElo "2160"]
[BlackElo "1926"]
[PlyCount "74"]
[EventDate "2010.01.20"]
[EventType "swiss"]
[EventRounds "9"]
[EventCountry "ARG"]
[SourceTitle "CBM 134 Extra"]
[Source "ChessBase"]
[SourceDate "2010.03.03"]
[SourceVersion "1"]
[SourceVersionDate "2010.03.03"]
[SourceQuality "1"]

1. e4 c5 2. Nf3 Nc6 3. Bb5 g6 4. 0-0 Bg7 5. c3 Nf6 6. Re1 0-0 7. h3 d5 8. e5 Nd7 9. d4 e6 10. Na3 Qb6 11. Bf1 cxd4 12. cxd4 a6 13. Nc2 f6 14. exf6 Nxf6 15. Ng5 Re8 16. b3 h6 17. Nf3 Ne4 18. Bb2 e5 19. Ne3 Be6 20. dxe5 Rad8 21. Rc1 Bf7 22. Ng4 h5 23. Ne3 Nxe5 24. Nxe5 Bxe5 25. Bxe5 Rxe5 26. Rc2 d4 27. Nc4 Bxc4 28. Bxc4+ Kh7 29. Qa1 Qf6 30. Rce2 d3 31. Bxd3 Rxd3 32. Rxe4 Rxe4 33. Qxf6 Rxe1+ 34. Kh2 Rd7 35. f4 Rf1 36. Kg3 Rd3+ 37. Kh4 Rd7 1/2-1/2

[Event "Villa Ballester Verano op 60th"]
[Site "Villa Ballester"]
[Date "2010.01.23"]
[Round "3"]
[White "Medina, Gustavo"]
[Black "Papadopulos, Daniel"]
[Result "1/2-1/2"]
[WhiteElo "2059"]
[BlackElo "2160"]
[PlyCount "73"]
[EventDate "2010.01.20"]
[EventType "swiss"]
[EventRounds "9"]
[EventCountry "ARG"]
[SourceTitle "CBM 134 Extra"]
[Source "ChessBase"]
[SourceDate "2010.03.03"]
[SourceVersion "1"]
[SourceVersionDate "2010.03.03"]
[SourceQuality "1"]

1. c4 e5 2. Nc3 d6 3. e3 g6 4. d4 Nc6 5. Nf3 Bg7 6. Be2 Nge7 7. 0-0 0-0 8. h3 h6 9. d5 Nb8 10. e4 f5 11. exf5 gxf5 12. Kh1 Ng6 13. Rg1 Nd7 14. Nh2 Nf6 15. Bh5 Nxh5 16. Qxh5 Kh7 17. g4 Qh4 18. Nf3 Qxh5 19. gxh5 Ne7 20. Nh4 Bd7 21. Ng6 Rf7 22. f4 e4 23. Be3 Bf6 24. Rg2 b6 25. Rag1 Rg8 26. Ne2 Rfg7 27. Nxe7 Rxg2 28. Rxg2 Bxe7 29. Nd4 Bf6 30. b4 Rxg2 31. Kxg2 Kg7 32. b5 Kf8 33. Kg3 Kf7 34. a4 Ke7 35. Nc6+ Bxc6 36. bxc6 Bc3 37. Kf2 1/2-1/2

[Event "Villa Ballester Verano op 60th"]
[Site "Villa Ballester"]
[Date "2010.01.20"]
[Round "1"]
[White "Dominguez, Gisella"]
[Black "Papadopulos, Daniel"]
[Result "0-1"]
[WhiteElo "1812"]
[BlackElo "2160"]
[PlyCount "82"]
[EventDate "2010.01.20"]
[EventType "swiss"]
[EventRounds "9"]
[EventCountry "ARG"]
[SourceTitle "CBM 134 Extra"]
[Source "ChessBase"]
[SourceDate "2010.03.03"]
[SourceVersion "1"]
[SourceVersionDate "2010.03.03"]
[SourceQuality "1"]

1. Nf3 d5 2. g3 Nf6 3. Bg2 c5 4. d3 Nc6 5. Nbd2 Bg4 6. 0-0 e6 7. c3 Be7 8. e4 0-0 9. Qc2 Qc7 10. Re1 Rfd8 11. Nf1 c4 12. exd5 cxd3 13. Qxd3 Nxd5 14. Qc4 Bf5 15. Ne3 Nb6 16. Qb3 Bd3 17. a4 Na5 18. Qa2 Nbc4 19. Nd4 a6 20. Nxc4 Bxc4 21. b3 Bd5 22. Bxd5 Rxd5 23. Qb2 Bf6 24. Be3 Rad8 25. Rac1 g6 26. Re2 Bg7 27. f4 Nc6 28. Rd2 Ne7 29. b4 e5 30. fxe5 Bxe5 31. Kg2 Bxd4 32. Bxd4 Qc6 33. Kg1 Qxa4 34. c4 R5d7 35. Bh8 Nf5 36. Rxd7 Qxd7 37. g4 Nd4 38. Bxd4 Qxd4+ 39. Qxd4 Rxd4 40. h3 Rd3 41. Kg2 Rb3 0-1

[Event "Villa Ballester Verano op 59th"]
[Site "Villa Ballester"]
[Date "2009.01.27"]
[Round "6"]
[White "Papadopulos, Daniel"]
[Black "Rey Besada, Fernando"]
[Result "1/2-1/2"]
[WhiteElo "2156"]
[BlackElo "2213"]
[PlyCount "111"]
[EventDate "2009.01.06"]
[EventType "swiss"]
[EventRounds "9"]
[EventCountry "ARG"]
[SourceTitle "CBM 128 Extra"]
[Source "ChessBase"]
[SourceDate "2009.03.05"]
[SourceVersion "2"]
[SourceVersionDate "2009.03.25"]
[SourceQuality "1"]

1. e4 c5 2. Nf3 d6 3. c3 Nf6 4. Bd3 Bg4 5. Bc2 Nc6 6. d3 g6 7. 0-0 Bg7 8. h3 Bxf3 9. Qxf3 0-0 10. Be3 Nd7 11. Nd2 b5 12. Rac1 a5 13. a4 Rb8 14. axb5 Rxb5 15. Ba4 Rxb2 16. Qd1 Nce5 17. d4 Nd3 18. Nc4 Nxc1 19. Nxb2 Na2 20. Qb3 cxd4 21. cxd4 Nb4 22. Nc4 Nf6 23. d5 Nxe4 24. Bb6 Qb8 25. Bc6 Nd2 26. Nxd2 Qxb6 27. Re1 Qc5 28. Rxe7 Qc1+ 29. Nf1 Nxc6 30. dxc6 Qxc6 31. Ne3 Qc1+ 32. Kh2 Qd2 33. Kg3 h5 34. Kf3 Bd4 35. g4 h4 36. g5 Bxe3 37. Rxe3 d5 38. Rd3 Qxg5 39. Rxd5 Qf6+ 40. Kg2 Rc8 41. Rxa5 Rc3 42. Qd5 Rc2 43. Qf3 Qd4 44. Rg5 Rc1 45. Qe3 Qd1 46. Rxg6+ fxg6 47. Qe8+ Kg7 48. Qe7+ Kh6 49. Qe3+ Kh5 50. Qe5+ Kh6 51. Qe3+ Kh7 52. Qe7+ Kh6 53. Qe3+ Kh5 54. Qe5+ g5 55. Qe8+ Kh6 56. Qe6+ 1/2-1/2

[Event "Villa Ballester Verano op 59th"]
[Site "Villa Ballester"]
[Date "2009.01.24"]
[Round "4"]
[White "Papadopulos, Daniel"]
[Black "Rivero, Raul Omar"]
[Result "1-0"]
[WhiteElo "2156"]
[BlackElo "1868"]
[PlyCount "75"]
[EventDate "2009.01.06"]
[EventType "swiss"]
[EventRounds "9"]
[EventCountry "ARG"]
[SourceTitle "CBM 128 Extra"]
[Source "ChessBase"]
[SourceDate "2009.03.05"]
[SourceVersion "2"]
[SourceVersionDate "2009.03.25"]
[SourceQuality "1"]

1. d4 Nf6 2. g3 d5 3. Nf3 Bf5 4. c4 e6 5. Bg2 c5 6. cxd5 Nxd5 7. 0-0 Nc6 8. Nc3 Nxc3 9. bxc3 Be7 10. Be3 Qa5 11. dxc5 Bxc5 12. Nd4 Bxd4 13. cxd4 0-0 14. Bd2 Qa6 15. e4 Bg6 16. d5 Na5 17. Qa4 b6 18. Rfc1 Rac8 19. Bb4 Rfd8 20. Be7 Rxc1+ 21. Rxc1 Rc8 22. Rxc8+ Qxc8 23. d6 Nc6 24. Bf1 f6 25. Ba6 Qd7 26. Bb5 Be8 27. f4 g6 28. e5 f5 29. Bf6 Kf7 30. h3 a5 31. g4 Qc8 32. Qc4 Bd7 33. Kh2 Ke8 34. gxf5 gxf5 35. Qe2 Nd8 36. Qh5+ Nf7 37. Bxd7+ Qxd7 38. Qxh7 1-0

[Event "Villa Ballester Verano op 59th"]
[Site "Villa Ballester"]
[Date "2009.01.23"]
[Round "3"]
[White "Real de Azua, Ernesto"]
[Black "Papadopulos, Daniel"]
[Result "1-0"]
[WhiteElo "2445"]
[BlackElo "2156"]
[PlyCount "125"]
[EventDate "2009.01.06"]
[EventType "swiss"]
[EventRounds "9"]
[EventCountry "ARG"]
[SourceTitle "CBM 128 Extra"]
[Source "ChessBase"]
[SourceDate "2009.03.05"]
[SourceVersion "2"]
[SourceVersionDate "2009.03.25"]
[SourceQuality "1"]

1. e4 e5 2. Nf3 Nc6 3. d4 exd4 4. Nxd4 Bc5 5. Be3 Qf6 6. c3 Nge7 7. g3 d5 8. Bg2 dxe4 9. 0-0 Bxd4 10. cxd4 0-0 11. Nc3 Qg6 12. d5 Bg4 13. Qa4 Ne5 14. Qxe4 Qxe4 15. Bxe4 Nc4 16. Bc5 Nd6 17. Bg2 Rfd8 18. Rfe1 Ng6 19. h3 Bf5 20. b3 h5 21. Rad1 a6 22. Be3 Re8 23. f3 Bd7 24. Kf2 f5 25. Ne2 h4 26. Nf4 hxg3+ 27. Kxg3 Nxf4 28. Bxf4 Kf7 29. h4 Rxe1 30. Rxe1 Re8 31. Rc1 Rc8 32. Bf1 Ne8 33. Be5 Nf6 34. Rc5 b6 35. Rc1 Nxd5 36. Bxa6 Ra8 37. Bb7 Ra5 38. Bxc7 f4+ 39. Bxf4 Nxf4 40. Kxf4 Rxa2 41. Bd5+ Ke7 42. Rg1 Kf6 43. Be4 Be8 44. Rd1 Ke7 45. Rd4 Bd7 46. Bd5 Rh2 47. Ke5 Re2+ 48. Re4 Rb2 49. Rb4 b5 50. f4 Re2+ 51. Re4 Rd2 52. f5 Rd1 53. b4 Rd2 54. Bb3 Rd3 55. Bd5 Rd2 56. Rg4 Re2+ 57. Be4 Kf7 58. Rg6 Re1 59. Kd5 Rd1+ 60. Kc5 Rf1 61. Bd5+ Kf8 62. f6 gxf6 63. Kd6 1-0

[Event "ARG-chT"]
[Site "Villa Martelli"]
[Date "2008.08.09"]
[Round "1"]
[White "Bruno, Gerardo"]
[Black "Papadopulos, Daniel"]
[Result "0-1"]
[WhiteElo "1720"]
[BlackElo "2147"]
[PlyCount "60"]
[EventDate "2008.08.09"]
[EventType "team-tourn"]
[EventRounds "9"]
[EventCountry "ARG"]
[SourceTitle "EXT 2009"]
[Source "ChessBase"]
[SourceDate "2008.11.26"]
[SourceVersion "1"]
[SourceVersionDate "2008.11.26"]
[SourceQuality "1"]

1. d4 Nf6 2. Nf3 e6 3. Bf4 c5 4. e3 cxd4 5. Bxb8 Rxb8 6. Qxd4 a6 7. Nc3 Qc7 8. Bd3 Be7 9. 0-0 0-0 10. Ne4 d5 11. Ng3 b6 12. Qe5 Qxe5 13. Nxe5 Bb7 14. Ne2 g6 15. Nd4 Bd6 16. Ndf3 Rfd8 17. h3 Ne4 18. Ng4 Nc5 19. Nfe5 Kg7 20. f4 f5 21. Nh2 Bxe5 22. fxe5 d4 23. Rad1 dxe3 24. Nf3 h6 25. Be2 Kf7 26. c3 Bxf3 27. Rxd8 Rxd8 28. Rxf3 Rd2 29. b4 Rxe2 30. bxc5 Re1+ 0-1

[Event "Villa Ballester op 56th"]
[Site "Villa Ballester"]
[Date "2006.01.15"]
[Round "9"]
[White "Papadopulos, Daniel"]
[Black "Lemos, Damian"]
[Result "0-1"]
[WhiteElo "2085"]
[BlackElo "2292"]
[PlyCount "110"]
[EventDate "2006.01.03"]
[EventType "swiss"]
[EventRounds "9"]
[EventCountry "ARG"]
[SourceTitle "CBM 110 Extra"]
[Source "ChessBase"]
[SourceDate "2006.03.10"]
[SourceVersion "2"]
[SourceVersionDate "2006.03.10"]
[SourceQuality "1"]

1. d4 Nf6 2. g3 g6 3. Bg2 d5 4. c4 c6 5. cxd5 cxd5 6. Nc3 Bg7 7. Nf3 0-0 8. 0-0 Nc6 9. Ne5 Bf5 10. Be3 Ne4 11. Nxc6 bxc6 12. Nxe4 Bxe4 13. Bxe4 dxe4 14. Qc2 Qd5 15. Rfd1 Rfc8 16. b3 a5 17. Rac1 e6 18. Qb1 Bf8 19. Rc4 f5 20. Qc1 Qb5 21. Qc2 Ra6 22. Kg2 Rca8 23. Ra4 Bb4 24. Rc1 Qd5 25. Qc4 Kf7 26. Rc2 Bd6 27. Bf4 Be7 28. Bc1 g5 29. Ba3 Kf6 30. e3 f4 31. Qxd5 exd5 32. gxf4 gxf4 33. exf4 Ke6 34. Kf1 Bd8 35. Bc1 Bc7 36. Bd2 Bd6 37. Ke2 Kf5 38. Rc1 Bxf4 39. Bxf4 Kxf4 40. Rg1 R8a7 41. h3 Rb7 42. Rg4+ Kf5 43. Ke3 Rb4 44. Rg7 Rxa4 45. bxa4 Rb6 46. Rxh7 Rb4 47. Rf7+ Ke6 48. Rg7 Rxa4 49. Kf4 Rxa2 50. Rg6+ Kf7 51. Rxc6 Rxf2+ 52. Ke5 e3 53. Rc7+ Kg6 54. Kxd5 e2 55. Re7 a4 0-1

[Event "Villa Ballester op 56th"]
[Site "Villa Ballester"]
[Date "2006.01.13"]
[Round "7"]
[White "Papadopulos, Daniel"]
[Black "Barrionuevo, Pablo"]
[Result "1-0"]
[WhiteElo "2085"]
[BlackElo "2232"]
[PlyCount "65"]
[EventDate "2006.01.03"]
[EventType "swiss"]
[EventRounds "9"]
[EventCountry "ARG"]
[SourceTitle "CBM 110 Extra"]
[Source "ChessBase"]
[SourceDate "2006.03.10"]
[SourceVersion "2"]
[SourceVersionDate "2006.03.10"]
[SourceQuality "1"]

1. d4 d5 2. Nf3 e6 3. c4 c5 4. e3 Nc6 5. Nc3 Nf6 6. a3 a6 7. Bd3 Be7 8. 0-0 0-0 9. dxc5 Bxc5 10. b4 Ba7 11. Bb2 Qe7 12. Qe2 dxc4 13. Bxc4 b5 14. Bd3 e5 15. Ne4 Bb7 16. Nxf6+ Qxf6 17. Be4 Rfe8 18. Rfd1 Rab8 19. Rd7 Re7 20. Qd3 Nd4 21. Rxb7 Nxf3+ 22. Bxf3 Rexb7 23. Bxb7 Rxb7 24. Bxe5 Qe7 25. Rc1 Qe8 26. Rd1 Bb6 27. Qd5 Re7 28. Bf4 h6 29. h3 Qc8 30. Qd6 Re6 31. Qd7 Qc2 32. Rd6 Qe4 33. Rxb6 1-0

[Event "Moron Faogba-ch"]
[Site "Moron"]
[Date "2004.07.14"]
[Round "4"]
[White "Torres, Sergio"]
[Black "Papadopulos, Daniel"]
[Result "1-0"]
[WhiteElo "2203"]
[BlackElo "2205"]
[PlyCount "101"]
[EventDate "2004.07.09"]
[EventType "swiss"]
[EventRounds "9"]
[EventCountry "ARG"]
[SourceTitle "EXT 2006"]
[Source "ChessBase"]
[SourceDate "2005.11.24"]
[SourceVersion "1"]
[SourceVersionDate "2005.11.24"]
[SourceQuality "1"]

1. e4 c5 2. Nf3 Nc6 3. d4 cxd4 4. Bc4 e6 5. Nxd4 Nf6 6. Nc3 Bb4 7. 0-0 0-0 8. Nxc6 bxc6 9. e5 Nd5 10. Ne4 f5 11. Ng5 h6 12. Nf3 a5 13. a3 Bc5 14. Ba2 g5 15. c4 Ne7 16. Be3 Bxe3 17. fxe3 Qb6 18. Qd4 Rb8 19. c5 Qa7 20. Rf2 Ba6 21. b4 Rb7 22. Qd6 Nc8 23. Qd2 Qb8 24. Rd1 Ne7 25. bxa5 g4 26. Qd6 Ng6 27. Nd4 Kh7 28. Nc2 Nxe5 29. Nb4 Qxd6 30. Rxd6 Ra8 31. Bxe6 dxe6 32. Rxe6 Nd3 33. Rxf5 Nxb4 34. axb4 Rxb4 35. Rf7+ Kg8 36. Rc7 Rb1+ 37. Kf2 Bd3 38. Kg3 h5 39. Rcxc6 Rxa5 40. Rcd6 Bf5 41. Re5 Bc2 42. Rd7 Rb8 43. Rg5+ Kf8 44. Rxh5 Kg8 45. Rg5+ Kh8 46. Kxg4 Rg8 47. Rxg8+ Kxg8 48. Rc7 Be4 49. g3 Ra6 50. Kf4 Bg2 51. Re7 1-0

[Event "Villa Ballester op 54th"]
[Site "Villa Ballester"]
[Date "2004.01.18"]
[Round "9"]
[White "Aguilar, Andres"]
[Black "Papadopulos, Daniel"]
[Result "1-0"]
[WhiteElo "2236"]
[BlackElo "2074"]
[PlyCount "37"]
[EventDate "2004.01.07"]
[EventType "swiss"]
[EventRounds "9"]
[EventCountry "ARG"]
[SourceTitle "CBM 098 Extra"]
[Source "ChessBase"]
[SourceDate "2004.03.10"]
[SourceVersion "2"]
[SourceVersionDate "2004.03.10"]
[SourceQuality "1"]

1. e4 e5 2. f4 exf4 3. Nf3 g5 4. Bc4 Bg7 5. 0-0 d6 6. d4 h6 7. c3 Nc6 8. Nbd2 Nge7 9. g3 Bh3 10. Rf2 g4 11. Nh4 f3 12. Ndxf3 gxf3 13. Qxf3 f5 14. Nxf5 Bxf5 15. exf5 d5 16. f6 dxc4 17. fxg7 Rg8 18. Qh5+ Kd7 19. Qg4+ 1-0

[Event "Villa Ballester op 54th"]
[Site "Villa Ballester"]
[Date "2004.01.16"]
[Round "7"]
[White "Hungaski, Robert Andrew"]
[Black "Papadopulos, Daniel"]
[Result "1-0"]
[WhiteElo "2176"]
[BlackElo "2074"]
[PlyCount "77"]
[EventDate "2004.01.07"]
[EventType "swiss"]
[EventRounds "9"]
[EventCountry "ARG"]
[SourceTitle "CBM 098 Extra"]
[Source "ChessBase"]
[SourceDate "2004.03.10"]
[SourceVersion "2"]
[SourceVersionDate "2004.03.10"]
[SourceQuality "1"]

1. e4 e5 2. Nf3 Nc6 3. Bb5 g6 4. d4 exd4 5. Bg5 f6 6. Bh4 Bg7 7. 0-0 Nge7 8. Nxd4 0-0 9. Nc3 Kh8 10. f4 d5 11. exd5 Nxd4 12. Qxd4 c6 13. Bd3 cxd5 14. Kh1 Bf5 15. Rad1 Bxd3 16. Qxd3 Rc8 17. Bf2 Qa5 18. Rfe1 Nc6 19. f5 d4 20. fxg6 dxc3 21. Qh3 h6 22. Be3 Rc7 23. Bxh6 Bxh6 24. Rd7 Qg5 25. g7+ Qxg7 26. Rxg7 Kxg7 27. Qg3+ Kh8 28. Qxc7 cxb2 29. Rb1 Bc1 30. Qxb7 Re8 31. g3 Re1+ 32. Kg2 Re2+ 33. Kh3 Rxc2 34. Qf7 Bg5 35. Qe8+ Kg7 36. Qe4 Rc1 37. Rxb2 Ne5 38. Rb7+ Kg8 39. Qh7+ 1-0

[Event "Villa Ballester op 54th"]
[Site "Villa Ballester"]
[Date "2004.01.13"]
[Round "5"]
[White "Alza, Agustin"]
[Black "Papadopulos, Daniel"]
[Result "0-1"]
[WhiteElo "2074"]
[BlackElo "1908"]
[PlyCount "58"]
[EventDate "2004.01.07"]
[EventType "swiss"]
[EventRounds "9"]
[EventCountry "ARG"]
[SourceTitle "CBM 098 Extra"]
[Source "ChessBase"]
[SourceDate "2004.03.10"]
[SourceVersion "2"]
[SourceVersionDate "2004.03.10"]
[SourceQuality "1"]

1. Nf3 Nf6 2. g3 e6 3. Bg2 d5 4. 0-0 c5 5. d3 Nc6 6. Nbd2 Be7 7. Re1 0-0 8. e4 dxe4 9. Nxe4 Qc7 10. Qe2 Nd5 11. Be3 Nxe3 12. fxe3 e5 13. Nc3 Be6 14. e4 Nd4 15. Qd2 h6 16. Ne2 Rfd8 17. c3 Nxf3+ 18. Bxf3 Bc4 19. d4 Bg5 20. Qc2 Bxe2 21. Rxe2 exd4 22. cxd4 Rxd4 23. Rd1 Qe5 24. Kg2 Rad8 25. Rxd4 Rxd4 26. h4 Be7 27. Rd2 Bd6 28. Kg1 Qxg3+ 29. Bg2 Qe1+ 0-1

[Event "Moron Faogba-ch"]
[Site "Moron"]
[Date "2004.??.??"]
[Round "7"]
[White "Lalanne, Pablo"]
[Black "Papadopulos, Daniel"]
[Result "1-0"]
[WhiteElo "2027"]
[BlackElo "2205"]
[PlyCount "68"]
[EventDate "2004.07.09"]
[EventType "swiss"]
[EventRounds "9"]
[EventCountry "ARG"]
[SourceTitle "EXT 2006"]
[Source "ChessBase"]
[SourceDate "2005.11.24"]
[SourceVersion "1"]
[SourceVersionDate "2005.11.24"]
[SourceQuality "1"]

1. e4 e5 2. Nf3 Nc6 3. d4 exd4 4. Nxd4 Bc5 5. Nxc6 Qf6 6. Qd2 dxc6 7. Nc3 Bg4 8. Bd3 0-0-0 9. 0-0 h6 10. Na4 Bf8 11. Qa5 Kb8 12. Be3 b6 13. Qe1 g5 14. f4 gxf4 15. Rxf4 Qg7 16. Qh4 Rxd3 17. cxd3 Be6 18. Qd8+ Kb7 19. Bd4 f6 20. Bxf6 Nxf6 21. Qxf6 Qd7 22. Nc3 Rg8 23. Rf3 Bg4 24. Qf7 Bc5+ 25. Kh1 Qd8 26. Raf1 Qg5 27. Qf4 Qh4 28. e5 Bh3 29. g3 Qd8 30. Rd1 Rf8 31. Qe4 Bd4 32. Ne2 Bf2 33. Nf4 Bg4 34. Rd2 Bd4 1-0

[Event "Faogba-ch Superior"]
[Site "Moron"]
[Date "2002.07.30"]
[Round "4"]
[White "Papadopulos, Daniel"]
[Black "Medina, Sergio"]
[Result "1-0"]
[WhiteElo "2205"]
[BlackElo "2142"]
[PlyCount "93"]
[EventDate "2002.07.20"]
[EventType "swiss"]
[EventRounds "9"]
[EventCountry "ARG"]
[SourceTitle "EXT 2004"]
[Source "ChessBase"]
[SourceDate "2003.11.25"]
[SourceVersion "1"]
[SourceVersionDate "2003.11.25"]
[SourceQuality "1"]

1. e4 c5 2. Nf3 d6 3. c3 Nf6 4. Bd3 Nc6 5. Bc2 Bg4 6. d3 g6 7. Nbd2 Bg7 8. h3 Bd7 9. 0-0 0-0 10. Re1 Ne8 11. Nf1 Qb6 12. Ne3 e6 13. a4 Qc7 14. Bd2 a6 15. Ng4 h5 16. Ngh2 Nf6 17. Qe2 e5 18. Ng5 Na5 19. Rec1 c4 20. d4 b5 21. d5 Nb7 22. Ra2 Nc5 23. axb5 Bxb5 24. Rf1 Nb3 25. Be3 Rae8 26. Ra3 Qc8 27. Nhf3 Nd7 28. Nd2 Nd4 29. Qd1 f6 30. Bxd4 exd4 31. Ne6 d3 32. Bb1 Rf7 33. b3 Nc5 34. bxc4 Bd7 35. Nxc5 Qxc5 36. Rxa6 f5 37. Bxd3 Bxc3 38. Nb3 Qc8 39. Rxd6 fxe4 40. Rxg6+ Bg7 41. Be2 Bf5 42. Rc6 Qd8 43. Bxh5 Qg5 44. Bg4 Be5 45. Bxf5 Rxf5 46. Qg4 Qg7 47. Rg6 1-0

[Event "Faogba-ch Superior"]
[Site "Moron"]
[Date "2002.07.27"]
[Round "3"]
[White "Ucha, Luis"]
[Black "Papadopulos, Daniel"]
[Result "0-1"]
[WhiteElo "2106"]
[BlackElo "2205"]
[PlyCount "106"]
[EventDate "2002.07.20"]
[EventType "swiss"]
[EventRounds "9"]
[EventCountry "ARG"]
[SourceTitle "EXT 2004"]
[Source "ChessBase"]
[SourceDate "2003.11.25"]
[SourceVersion "1"]
[SourceVersionDate "2003.11.25"]
[SourceQuality "1"]

1. e4 c5 2. Nf3 Nc6 3. d4 cxd4 4. Nxd4 Nf6 5. Nc3 e5 6. Ndb5 d6 7. Bg5 a6 8. Na3 b5 9. Nd5 Be7 10. Bxf6 Bxf6 11. c3 0-0 12. Nc2 Bg5 13. Be2 Bb7 14. 0-0 Ne7 15. c4 Bxd5 16. cxd5 Qb6 17. Bg4 g6 18. Qd3 Ra7 19. Ne3 h5 20. Bh3 Kg7 21. Rac1 Qd4 22. Rc3 Qxd3 23. Rxd3 Rc7 24. Ra3 Ra8 25. g3 Raa7 26. f4 Bf6 27. f5 g5 28. g4 h4 29. Rf3 Nc8 30. Bf1 Rc1 31. Rc3 Rxc3 32. bxc3 Nb6 33. Nc2 Nd7 34. Nb4 Bd8 35. Kg2 Nc5 36. Nc6 Ra8 37. Re3 Bb6 38. Re2 Na4 39. Rc2 Bc5 40. c4 b4 41. Be2 a5 42. Bd1 Nc3 43. Bf3 f6 44. h3 Kf8 45. Kf1 Be3 46. Ke1 Ke8 47. Bd1 Kd7 48. Bf3 Kc7 49. Bd1 Kb6 50. Bf3 Kc5 51. a3 Kxc4 52. Be2+ Kb3 53. Bd3 bxa3 0-1

[Event "Faogba-ch Superior"]
[Site "Moron"]
[Date "2002.07.23"]
[Round "2"]
[White "Papadopulos, Daniel"]
[Black "Savinel, Fernando"]
[Result "1-0"]
[WhiteElo "2205"]
[BlackElo "2064"]
[PlyCount "77"]
[EventDate "2002.07.20"]
[EventType "swiss"]
[EventRounds "9"]
[EventCountry "ARG"]
[SourceTitle "EXT 2004"]
[Source "ChessBase"]
[SourceDate "2003.11.25"]
[SourceVersion "1"]
[SourceVersionDate "2003.11.25"]
[SourceQuality "1"]

1. e4 c5 2. Nf3 Nc6 3. Bb5 g6 4. 0-0 Bg7 5. Re1 Nf6 6. c3 Qb6 7. Bc4 0-0 8. d4 Na5 9. Bf1 cxd4 10. cxd4 d5 11. e5 Ne8 12. Nc3 Nc7 13. Na4 Qc6 14. b3 b5 15. Nc5 Nb7 16. Nd3 Bf5 17. Ba3 Rfe8 18. Rc1 Qb6 19. Nf4 Bg4 20. Bc5 Nxc5 21. Rxc5 Red8 22. h3 Bxf3 23. Qxf3 Bh6 24. Rec1 Ne6 25. Nxe6 Qxe6 26. R1c2 Rdc8 27. Bxb5 Rxc5 28. Rxc5 Rd8 29. g4 Bd2 30. Rc6 Qd7 31. Rxg6+ hxg6 32. Bxd7 Rxd7 33. Qd3 Ba5 34. Qb5 Rc7 35. Qxa5 Rc1+ 36. Kg2 Rd1 37. Qxd5 e6 38. Qa8+ Kg7 39. Qxa7 1-0

[Event "FMDA-chT Superior"]
[Site "Buenos Aires"]
[Date "2000.12.13"]
[Round "5"]
[White "Papadopulos, Daniel"]
[Black "Podesta, Dardo Ariel"]
[Result "1-0"]
[WhiteElo "2205"]
[BlackElo "2200"]
[PlyCount "43"]
[EventDate "2000.12.02"]
[EventType "team"]
[EventRounds "7"]
[EventCountry "ARG"]
[SourceTitle "EXT 2002"]
[Source "ChessBase"]
[SourceDate "2001.11.25"]
[SourceVersion "1"]
[SourceVersionDate "2001.11.25"]
[SourceQuality "1"]

1. e4 Nf6 2. d3 e5 3. Nf3 Nc6 4. g3 Bc5 5. c3 d5 6. b4 dxe4 7. bxc5 exf3 8. Nd2 Qd5 9. Nb3 Bf5 10. Be3 0-0-0 11. Nc1 e4 12. d4 h5 13. h3 Rhe8 14. Qa4 Qd7 15. Rb1 b6 16. Bb5 Kb7 17. Nb3 Re6 18. cxb6 cxb6 19. Nc5+ bxc5 20. Bxc6+ Kc7 21. Qxa7+ Kd6 22. Qxc5+ 1-0

[Event "Jacobo Bolbochan op"]
[Site "Buenos Aires"]
[Date "2000.07.25"]
[Round "4"]
[White "Podesta, Dardo Ariel"]
[Black "Papadopulos, Daniel"]
[Result "1/2-1/2"]
[WhiteElo "2200"]
[BlackElo "2205"]
[PlyCount "71"]
[EventDate "2000.07.11"]
[EventType "swiss"]
[EventRounds "7"]
[EventCountry "ARG"]
[SourceTitle "EXT 2001"]
[Source "ChessBase"]
[SourceDate "2000.11.22"]
[SourceVersion "1"]
[SourceVersionDate "2000.11.22"]
[SourceQuality "1"]

1. e4 c5 2. Nf3 Nc6 3. d4 cxd4 4. Nxd4 e5 5. Nb5 d6 6. Be3 Be6 7. N1c3 a6 8. Na3 b5 9. Nd5 Rb8 10. c3 Nf6 11. Bg5 Be7 12. Bxf6 Bxf6 13. Nc2 Bg5 14. Be2 0-0 15. Nce3 g6 16. 0-0 Kh8 17. Kh1 a5 18. g3 Bh3 19. Ng2 f5 20. f4 Bh6 21. Qd3 Qd7 22. Rad1 fxe4 23. Qxe4 exf4 24. Ndxf4 Rbe8 25. Qd3 Bxf4 26. Rxf4 g5 27. Rff1 Qe6 28. Kg1 Rxf1+ 29. Bxf1 Ne5 30. Qxd6 Nf3+ 31. Kh1 Qe4 32. Qd3 Bxg2+ 33. Bxg2 Qxd3 34. Rxd3 Re1+ 35. Bf1 Rxf1+ 36. Kg2 1/2-1/2

[Event "Jacobo Bolbochan op"]
[Site "Buenos Aires"]
[Date "2000.07.11"]
[Round "1"]
[White "Papadopulos, Daniel"]
[Black "Perdomo, Leandro Daniel"]
[Result "1-0"]
[WhiteElo "2205"]
[BlackElo "2213"]
[PlyCount "63"]
[EventDate "2000.07.11"]
[EventType "swiss"]
[EventRounds "7"]
[EventCountry "ARG"]
[SourceTitle "EXT 2001"]
[Source "ChessBase"]
[SourceDate "2000.11.22"]
[SourceVersion "1"]
[SourceVersionDate "2000.11.22"]
[SourceQuality "1"]

1. d4 Nf6 2. Nf3 g6 3. g3 Bg7 4. Bg2 0-0 5. 0-0 d6 6. Nc3 Nc6 7. e4 Bg4 8. h3 Bxf3 9. Bxf3 e5 10. d5 Nd4 11. Bg2 c5 12. a4 b5 13. axb5 Qd7 14. Ra6 Rfb8 15. f4 Ne8 16. f5 Nc7 17. Rc6 Ncxb5 18. Nxb5 Rxb5 19. Ra6 f6 20. h4 Rab8 21. Kh2 gxf5 22. Bh3 Rxb2 23. Bxb2 Rxb2 24. Bxf5 Qb5 25. Rxa7 Rxc2+ 26. Kh3 Rd2 27. Ra8+ Bf8 28. Bxh7+ Kf7 29. Qh5+ Ke7 30. Rfa1 Qd7+ 31. Bf5 Nxf5 32. R1a7 1-0

[Event "Villa Ballester op 50th"]
[Site "Villa Ballester"]
[Date "2000.??.??"]
[Round "5"]
[White "Papadopulos, Daniel"]
[Black "Felgaer, Ruben Alejandro"]
[Result "0-1"]
[WhiteElo "2205"]
[BlackElo "2375"]
[PlyCount "49"]
[EventDate "2000.??.??"]
[EventType "swiss"]
[EventRounds "9"]
[EventCountry "ARG"]
[SourceTitle "EXT 2001"]
[Source "ChessBase"]
[SourceDate "2000.11.22"]
[SourceVersion "1"]
[SourceVersionDate "2000.11.22"]
[SourceQuality "1"]

1. e4 c5 2. Nf3 d6 3. c3 Nf6 4. Bd3 g6 5. Bc2 Bg7 6. 0-0 0-0 7. d4 cxd4 8. cxd4 Nc6 9. Nc3 Bg4 10. Be3 Nd7 11. h3 Bxf3 12. gxf3 e5 13. dxe5 dxe5 14. Nd5 Nd4 15. b4 Kh8 16. Bb3 f5 17. Ba4 Nb6 18. Bb3 Qh4 19. Bxd4 exd4 20. Nxb6 axb6 21. Bd5 Qxh3 22. Qb3 fxe4 23. f4 d3 24. Bxe4 Rxf4 25. Bg2 0-1